000 00274nam a2200121Ia 4500
008 190216s9999||||xx |||||||||||||| ||und||
100 _aPaish F W
245 0 _aBusiness Finance
260 _bSir Isac Pitman &sons
_c1957
300 _a148p
650 _aCommerce
942 _cBK
999 _c4528
_d4528